Versuch einer Lebensbeschreibung des Feldmarschalls Grafen von Seckendorff (Record no. 2045)
[ view plain ]
| 000 -CABECERA | |
|---|---|
| campo de control de longitud fija | 00733nam a2200217 a 4500 |
| 001 - NÚMERO DE CONTROL | |
| campo de control | BRCA_2300 |
| 005 - FECHA Y HORA DE LA ÚLTIMA TRANSACCIÓN | |
| campo de control | 20190320203741.0 |
| 008 - DATOS DE LONGITUD FIJA--INFORMACIÓN GENERAL | |
| campo de control de longitud fija | 120608s1794----gw-a######---#000-0#ger-# |
| 041 ## - CÓDIGO DE LENGUA | |
| Código de lengua del texto/banda sonora o título independiente | ger |
| 044 ## - CÓDIGO DEL PAÍS DE LA ENTIDAD EDITORA/PRODUCTORA | |
| Código MARC del país | gw |
| 050 #4 - SIGNATURA TOPOGRÁFICA DE LA BIBLIOTECA DEL CONGRESO | |
| Número de clasificación | DD418 |
| Número de documento/Ítem | .B47 1794 |
| 100 1# - ENTRADA PRINCIPAL--NOMBRE DE PERSONA | |
| Nombre de persona | Seckendorff, Theresius Joseph Carl Sigismund Ludwig von |
| 9 (RLIN) | 6886 |
| 245 10 - MENCIÓN DE TÍTULO | |
| Título | Versuch einer Lebensbeschreibung des Feldmarschalls Grafen von Seckendorff |
| Resto del título | Meist Aus Ungedruckten Nachrichten Bearbeitet : Die Gesandtschaften des Grafen von Seckendorff ; 2. |
| Número de parte o sección de la obra | 4 |
| 260 ## - PUBLICACIÓN, DISTRIBUCIÓN, ETC. | |
| Lugar de publicación, distribución, etc. | [Leipzig] |
| Nombre del editor, distribuidor, etc. | [Barth] |
| Fecha de publicación, distribución, etc. | 1794 |
| 300 ## - DESCRIPCIÓN FÍSICA | |
| Extensión | [4] 362 p. |
| Dimensiones | 17 cm. |
| 500 ## - NOTA GENERAL | |
| Nota general | I3 |
| 650 14 - PUNTO DE ACCESO ADICIONAL DE MATERIA--TÉRMINO DE MATERIA | |
| Término de materia o nombre geográfico como elemento de entrada | Generales |
| Subdivisión general | Biografía |
| Subdivisión geográfica | Alemania |
| 9 (RLIN) | 6887 |
| 651 #4 - PUNTO DE ACCESO ADICIONAL DE MATERIA--NOMBRE GEOGRÁFICO | |
| Nombre geográfico | Prusia |
| Subdivisión geográfica | Alemania |
| 9 (RLIN) | 6888 |
| 902 ## - CATALOGADOR | |
| Iniciales | GFM |
| 942 ## - ELEMENTOS DE PUNTO DE ACCESO ADICIONAL (KOHA) | |
| Fuente del sistema de clasificación o colocación | Library of Congress Classification |
| Tipo de ítem Koha | Libros |
| Estado de retiro | Estado de pérdida | Estado dañado | No para préstamo | Localización permanente | Ubicación/localización actual | Fecha de adquisición | Número de inventario | Total de préstamos | Signatura topográfica completa | Código de barras | Fecha visto por última vez | Precio válido a partir de | Tipo de ítem Koha |
|---|---|---|---|---|---|---|---|---|---|---|---|---|---|
| El ejemplar forma parte de la colección y puede ser consultado según las políticas vigentes. | Biblioteca del Museo Franz Mayer (Rogerio Casas-Alatriste) | Biblioteca del Museo Franz Mayer (Rogerio Casas-Alatriste) | 15/08/2008 | I3 | DD418 .B47 1794 (I3) | GFM13 | 22/03/2019 | 22/03/2019 | Libros |